| 000 | 00841nam a22002293i 4500 | ||
|---|---|---|---|
| 001 | 78174 | ||
| 003 | BD-RjUL | ||
| 005 | 20211209083110.0 | ||
| 008 | 210405m19531373ii ||| | urd d | ||
| 035 | _a(BD-RjUL)78400 | ||
| 040 |
_aUkOxU _beng _erda _cUkOxU |
||
| 041 | _aurd | ||
| 082 |
_223 _a297.122503 _bNOM 1953 |
||
| 100 |
_aنعمانی عبد الرشید ;; Nuʻmānī, Abdurrashīd _999464 |
||
| 245 | 0 | 0 |
_aمكمل لغت القرآن ;; Mukammal lug̲h̲āt al-Qurʼān : _b مع فہرست الفاظ ;'; maʻa fihrist-i alfāz̤ / _cعبد الرشيد نعماني ;; Abdurrashīd Nuʻmānī |
| 264 | 1 |
_aDihlī : _bNadvat al-Muṣannifīn, _c1953 |
|
| 300 |
_av. ; _c25 cm |
||
| 490 |
_aسلسلہء ندوہ المصنفین ; _v55 |
||
| 505 | _aVol. 4.-- | ||
| 650 |
_aDictionary _vAl-Quran _9246805 |
||
| 942 |
_2ddc _cREF |
||
| 999 |
_c78174 _d78174 |
||